000 00770nam a2200217 i 4500
001 bg
100 1 _aŚWIDA-ZIEMBA, Hanna
245 1 0 _aWartości egzystencjalne młodzieży lat dziewięćdziesiątych /
_cHanna Świda-Ziemba.
250 _aWyd. 3.
260 _aWarszawa :
_bKatedra Socjologii Moralności i Aksjologii Ogólnej. Instytut Stosowanych Nauk Społecznych. Uniwersytet Warszawski,
_c1998.
300 _a294 s. :
_bwykr. ;
_c21 cm.
650 9 _aMłodzież
_xsocjologia
_zPolska
_yod 1989 r.
650 9 _aWartość
_xsocjologia
_zPolska
_yod 1989 r.
020 _a8390227967
040 _cBPK
041 0 _apl
080 _a316.346.3:316.75]-053.6(438)"1989/..."
920 _a83-902279-6-7
942 _cKS
008 s pl f |000 0 pol
999 _c36915
_d36915
856 _uhttp://koha.tu.koszalin.pl/cgi-bin/koha/opac-detail.pl?biblionumber=36915
_yKatalog online BPK